| 000 | 00426cam a2200169ua 4500 | ||
|---|---|---|---|
| 041 |
_aeng _h |
||
| 082 |
_a612 _bHAR/BA |
||
| 100 | _aHartridge, H . | ||
| 245 |
_aBainhridge and menzies : Essentials of physiology / _cH Hartridge. _hTextual Documents |
||
| 250 |
_a10 / _b. |
||
| 260 |
_aLondon : _bLongman , _c1960. |
||
| 300 | _a506 ; . | ||
| 504 | _a | ||
| 700 | 1 | _aSilva, J L . | |
| 942 | _cBK | ||
| 999 |
_c10160 _d10160 |
||